000 00932nam a2200253 a 4500
008 951030s1990||||[C 0 eng c
020 _a8008010398
_c49 Kčs.
_q(50000 výtl.)
040 _aSNK
_bslo
_cSNK
_eAACR2
041 1 _aeng
_heng
044 _axo
_cSK
080 _a802.0(075.4)
100 1 _aKollmannová, Ludmila
_4aut
245 1 0 _aAngličtina pre samoukov
_cLudmila Kollmannová, Libuše Bubeníková, Alena Kopecká ; František Šatura, Ladislav Pros, Miloš Novák
250 _a4., vyd.
260 _aBratislava
_bSPN
_c1990
_eNitra
_fNitrianske tlačiarne
300 _a560 s., 26,43 AH
_bTb.
_c20 cm
500 _aPrehľad angl. gramatiky. Angl.-slov. slovník. K učebnici vydala Slov. kniha zvuk. nahrávku.
700 1 _aBubeníková, Libuše
_4aut
700 1 _aKopecká, Alena
_4aut
700 1 _aŠatura, František
_4trl
700 1 _aPros, Ladislav
_4bkd
700 1 _aNovák, Miloš
_4bkd
958 _aA
999 _c15072
_d15072